[Event "2. Torneio Aberto do Brasil - Fortaleza"]
[Site "Fortaleza BRA"]
[Date "2012.04.07"]
[Round "5.49"]
[White "Da Silva, Alexandre Mota"]
[Black "Machado, Fernando Augusto Di"]
[Result "1/2-1/2"]
[WhiteElo "1809"]
[BlackElo "1863"]
[PlyCount "34"]
[EventDate "2012.04.05"]
[EventType "swiss"]
[EventRounds "7"]
[EventCountry "BRA"]
[Source "lmi"]
[SourceDate "2012.08.05"]

1. d4 Nf6 2. c4 d6 3. Nf3 Nbd7 4. Nc3 e5 5. Bg5 Be7 6. g3 c6 7. Bg2 h6 8. dxe5
dxe5 9. Bxf6 Bxf6 10. Ne4 O-O 11. Nxf6+ Qxf6 12. O-O a5 13. Nd2 Nc5 14. Ne4
Nxe4 15. Bxe4 Bh3 16. Bg2 Bg4 17. Qc2 Rfd8 1/2-1/2

[Event "2. Torneio Aberto do Brasil - Fortaleza"]
[Site "Fortaleza BRA"]
[Date "2012.04.07"]
[Round "5.50"]
[White "Dos Reis, Virginia Lagrange"]
[Black "Schucman, Rebeca Lot"]
[Result "1-0"]
[WhiteElo "1853"]
[BlackElo "1575"]
[PlyCount "71"]
[EventDate "2012.04.05"]
[EventType "swiss"]
[EventRounds "7"]
[EventCountry "BRA"]
[Source "lmi"]
[SourceDate "2012.08.05"]

1. e4 c5 2. Nf3 Nc6 3. Bb5 g6 4. d4 cxd4 5. Bxc6 dxc6 6. Qxd4 Qxd4 7. Nxd4 Bg7
8. c3 Nf6 9. f3 a6 10. Be3 c5 11. Nb3 c4 12. Nd4 b5 13. a4 Rb8 14. axb5 axb5
15. Ra7 Bd7 16. Kf2 e5 17. Nc2 O-O 18. Nb4 Ra8 19. Na3 Rxa7 20. Bxa7 Ra8 21.
Bb6 Bf8 22. Nac2 Rb8 23. Bc7 Re8 24. Rd1 Bc5+ 25. Ke2 Bc8 26. Nd5 Kg7 27. Nxf6
Kxf6 28. Rd5 Bg1 29. h3 h5 30. Nb4 Bh2 31. Rxb5 Kg5 32. Nd5 Be6 33. Ne3 f6 34.
Rb4 Rc8 35. Bb6 Kf4 36. Kf1 1-0

[Event "2. Torneio Aberto do Brasil - Fortaleza"]
[Site "Fortaleza BRA"]
[Date "2012.04.07"]
[Round "5.51"]
[White "Da Silva, Jose Gomes"]
[Black "Zimmermann, Kleber Renato Pere"]
[Result "1/2-1/2"]
[WhiteElo "1833"]
[BlackElo "1953"]
[PlyCount "94"]
[EventDate "2012.04.05"]
[EventType "swiss"]
[EventRounds "7"]
[EventCountry "BRA"]
[Source "lmi"]
[SourceDate "2012.08.05"]

1. d4 Nf6 2. Nf3 g6 3. Bf4 Bg7 4. e3 O-O 5. c3 d5 6. Nbd2 Nbd7 7. Bd3 Re8 8.
Ne5 Nxe5 9. Bxe5 Nd7 10. Bxg7 Kxg7 11. O-O e5 12. dxe5 Nxe5 13. Be2 c6 14. Nf3
Bg4 15. Nxe5 Bxe2 16. Qxe2 Rxe5 17. Rad1 Qb6 18. Rd2 f5 19. g3 Rae8 20. Rfd1
Re4 21. Rd4 R8e7 22. Rxe4 fxe4 23. Rd2 Qa5 24. a3 b5 25. h4 Qc7 26. Kg2 Qe5 27.
Rd1 Rf7 28. Rf1 Kf8 29. Qd2 Ke7 30. Qd4 Qxd4 31. cxd4 Kd6 32. b4 a5 33. Rb1
axb4 34. axb4 Ra7 35. Rb2 Ra4 36. Kh3 h5 37. g4 Ra1 38. g5 Rh1+ 39. Kg3 Rg1+
40. Kh2 Rc1 41. Kg3 Ke6 42. Kf4 Rh1 43. Kg3 Rg1+ 44. Kh2 Rc1 45. Kh3 Kf5 46.
Kg3 Rg1+ 47. Kh2 Rc1 1/2-1/2

[Event "2. Torneio Aberto do Brasil - Fortaleza"]
[Site "Fortaleza BRA"]
[Date "2012.04.07"]
[Round "5.52"]
[White "Urquidi, Fabio Moraes"]
[Black "Magalhaes Jr, Sebastiao Silva"]
[Result "1/2-1/2"]
[WhiteElo "1780"]
[BlackElo "1786"]
[PlyCount "78"]
[EventDate "2012.04.05"]
[EventType "swiss"]
[EventRounds "7"]
[EventCountry "BRA"]
[Source "lmi"]
[SourceDate "2012.08.05"]

1. e4 e5 2. f4 exf4 3. Bc4 Qh4+ 4. Kf1 Nc6 5. d4 Nf6 6. Nf3 Qg4 7. Nc3 Bb4 8.
e5 Bxc3 9. exf6 Bxd4 10. Qe2+ Be5 11. fxg7 Qxg7 12. Bxf4 d6 13. Bxe5 Nxe5 14.
Nxe5 Qxe5 15. Qd2 Qf5+ 16. Ke1 Qe4+ 17. Be2 Rg8 18. Rg1 Bg4 19. Kf2 Qxe2+ 20.
Qxe2+ Bxe2 21. Kxe2 Kd7 22. Raf1 Rae8+ 23. Kd2 Re7 24. Rf2 Rg5 25. Rgf1 Ke8 26.
g3 Rd5+ 27. Kc1 a5 28. b3 b5 29. c3 c5 30. Rd2 Ree5 31. g4 h5 32. h3 hxg4 33.
hxg4 Rxd2 34. Kxd2 d5 35. Rf6 Rg5 36. Ra6 Rxg4 37. Rxa5 Rg2+ 38. Ke3 Rg3+ 39.
Kd2 Rg2+ 1/2-1/2

[Event "2. Torneio Aberto do Brasil - Fortaleza"]
[Site "Fortaleza BRA"]
[Date "2012.04.07"]
[Round "5.53"]
[White "Cunha, Adriano De Jesus Si"]
[Black "Quaranta Neto, Francisco"]
[Result "0-1"]
[WhiteElo "2040"]
[BlackElo "1967"]
[PlyCount "46"]
[EventDate "2012.04.05"]
[EventType "swiss"]
[EventRounds "7"]
[EventCountry "BRA"]
[Source "lmi"]
[SourceDate "2012.08.05"]

1. e4 e6 2. d3 d5 3. Nd2 Nf6 4. e5 Nfd7 5. d4 c5 6. c3 Nc6 7. Ngf3 cxd4 8. cxd4
Qb6 9. Nb3 a5 10. Qd3 a4 11. Nbd2 Nb4 12. Qb1 Qc7 13. Bd3 Qxc1+ 14. Qxc1 Nxd3+
15. Ke2 Nxc1+ 16. Raxc1 f6 17. Rc7 h6 18. Rhc1 Kd8 19. a3 b6 20. R7c6 Ba6+ 21.
Ke3 fxe5 22. Nh4 exd4+ 23. Kf3 Ne5+ 0-1

[Event "2. Torneio Aberto do Brasil - Fortaleza"]
[Site "Fortaleza BRA"]
[Date "2012.04.07"]
[Round "5.54"]
[White "Lemos, Anderson Willian Pe"]
[Black "Marino, Felipe Gabriel"]
[Result "1-0"]
[WhiteElo "1941"]
[BlackElo "1616"]
[PlyCount "131"]
[EventDate "2012.04.05"]
[EventType "swiss"]
[EventRounds "7"]
[EventCountry "BRA"]
[Source "lmi"]
[SourceDate "2012.08.05"]

1. e4 e6 2. d4 Nf6 3. Nc3 d5 4. e5 Nfd7 5. Nf3 c5 6. Be3 Nc6 7. Bb5 cxd4 8.
Bxd4 Nxd4 9. Qxd4 a6 10. Ba4 b5 11. Bb3 Bc5 12. Qf4 Qb6 13. O-O O-O 14. Ne2 f6
15. exf6 Nxf6 16. Qh4 Be7 17. Qd4 Qxd4 18. Nexd4 Bc5 19. c3 Re8 20. Bc2 e5 21.
Nb3 Bb6 22. h3 Bb7 23. Rfe1 e4 24. Nfd4 Rac8 25. Nf5 Rc6 26. Nbd4 Bxd4 27. Nxd4
Rc7 28. Rac1 g6 29. f3 Rce7 30. a4 bxa4 31. Bxa4 Rc8 32. b4 Rec7 33. Re3 exf3
34. gxf3 Rc4 35. Ne2 Kf8 36. Bb3 Rh4 37. Kh2 Rc7 38. Rd3 Re7 39. Rc2 Bc8 40.
Ng1 Bf5 41. Rcd2 Bxd3 42. Rxd3 Rd7 43. Kg3 g5 44. Ne2 Rh6 45. Nd4 Rg6 46. Nc6
Nh5+ 47. Kg4 Rf7 48. Kxh5 Rxc6 49. Kxg5 Rg6+ 50. Kh4 Rf4+ 51. Kh5 Rg3 52. Bxd5
Rxh3+ 53. Kg5 Rhh4 54. Be6 Ke7 55. Bg4 Rhxg4+ 56. fxg4 Rc4 57. Kh5 Rc6 58. g5
Kf7 59. Rd7+ Kg8 60. Ra7 Rxc3 61. Rxa6 Rh3+ 62. Kg4 Rb3 63. Rb6 Kf7 64. b5 Ra3
65. Kf4 Rc3 66. Rd6 1-0

[Event "2. Torneio Aberto do Brasil - Fortaleza"]
[Site "Fortaleza BRA"]
[Date "2012.04.07"]
[Round "5.55"]
[White "Azevedo, Eduardo Jose E De"]
[Black "Alves, Sidney David"]
[Result "1-0"]
[WhiteElo "1909"]
[BlackElo "1512"]
[PlyCount "153"]
[EventDate "2012.04.05"]
[EventType "swiss"]
[EventRounds "7"]
[EventCountry "BRA"]
[Source "lmi"]
[SourceDate "2012.08.05"]

1. Nf3 Nf6 2. c4 d5 3. cxd5 Nxd5 4. Nc3 g6 5. g3 Bg7 6. Bg2 O-O 7. O-O Nxc3 8.
dxc3 Qxd1 9. Rxd1 Nd7 10. Bg5 Nf6 11. Ne5 c6 12. Bxf6 exf6 13. Nd7 Re8 14. Kf1
Re7 15. Nc5 Re8 16. Rd2 Rb8 17. Rad1 Be6 18. Nxe6 fxe6 19. Rd7 Bf8 20. Rc7 Rec8
21. Rdd7 Rxc7 22. Rxc7 Bd6 23. Rd7 Bf8 24. e3 a5 25. Ke2 f5 26. Kd2 e5 27. Kc2
a4 28. a3 e4 29. Rc7 Bd6 30. Rd7 Bf8 31. Rc7 Bd6 32. Rd7 Bf8 33. g4 b5 34. gxf5
gxf5 35. Bh3 c5 36. Bxf5 h6 37. Bxe4 b4 38. axb4 cxb4 39. cxb4 Bxb4 40. f4 Re8
41. Bd5+ Kh8 42. e4 Rc8+ 43. Kd1 Bc5 44. Ke2 Rb8 45. Rb7 Rc8 46. Kd3 Bg1 47. h3
Rc1 48. f5 Bf2 49. f6 Bg3 50. Ra7 Be5 51. Ra8+ Kh7 52. f7 Bd6 53. f8=Q Bxf8 54.
Rxf8 Kg7 55. Ra8 Rb1 56. Kc2 Rh1 57. Be6 Rh2+ 58. Kb1 Re2 59. Bf5 Kf6 60. Rxa4
Ke5 61. Ra6 h5 62. Rh6 Re3 63. Rxh5 Rg3 64. Rh8 Re3 65. Rd8 Kf6 66. Ka2 Rg3 67.
Rd1 Ke5 68. b3 Rg7 69. b4 Rb7 70. Kb3 Rb6 71. Rd5+ Kf4 72. b5 Kg5 73. Kb4 Kf6
74. Kc5 Rb8 75. b6 Ra8 76. b7 Rb8 77. Kb6 1-0

[Event "2. Torneio Aberto do Brasil - Fortaleza"]
[Site "Fortaleza BRA"]
[Date "2012.04.07"]
[Round "5.56"]
[White "Sales, Luis Carlos"]
[Black "Cunha, Rafael Fernandes"]
[Result "1/2-1/2"]
[WhiteElo "1892"]
[BlackElo "1827"]
[PlyCount "79"]
[EventDate "2012.04.05"]
[EventType "swiss"]
[EventRounds "7"]
[EventCountry "BRA"]
[Source "lmi"]
[SourceDate "2012.08.05"]

1. d4 Nf6 2. Nf3 g6 3. b3 Bg7 4. Bb2 O-O 5. Nbd2 d5 6. e3 Bg4 7. Be2 Nbd7 8. h3
Bf5 9. g4 Be4 10. Nxe4 Nxe4 11. Nd2 Ndf6 12. Bf3 c6 13. Nxe4 Nxe4 14. Bxe4 dxe4
15. f4 exf3 16. Qxf3 Qa5+ 17. c3 e5 18. O-O f5 19. g5 exd4 20. exd4 Rfe8 21. b4
Qa6 22. a3 Qe2 23. Qxe2 Rxe2 24. Rf2 Rae8 25. Kg2 R8e3 26. Raf1 Kf7 27. Rxe2
Rxe2+ 28. Rf2 Rxf2+ 29. Kxf2 Ke6 30. c4 Kd6 31. a4 a6 32. a5 Bf8 33. Ke3 h6 34.
h4 hxg5 35. hxg5 Be7 36. Kf4 Ke6 37. Bc3 Bd6+ 38. Kf3 Bh2 39. Bd2 Bd6 40. Bc3
1/2-1/2

[Event "2. Torneio Aberto do Brasil - Fortaleza"]
[Site "Fortaleza BRA"]
[Date "2012.04.07"]
[Round "5.57"]
[White "Correia, Aristoteles De Jesu"]
[Black "Sousa Filho, Aloisio Lopes De"]
[Result "0-1"]
[WhiteElo "1817"]
[BlackElo "1852"]
[PlyCount "104"]
[EventDate "2012.04.05"]
[EventType "swiss"]
[EventRounds "7"]
[EventCountry "BRA"]
[Source "lmi"]
[SourceDate "2012.08.05"]

1. e4 d5 2. exd5 Qxd5 3. Nc3 Qd8 4. Bc4 Nf6 5. Nge2 Bf5 6. O-O e6 7. d4 c6 8.
Bf4 Nbd7 9. Ng3 Bg6 10. Re1 Be7 11. Nce4 O-O 12. Bb3 Nd5 13. Bd6 Bxd6 14. Nxd6
Qc7 15. Nde4 N7f6 16. c4 Nxe4 17. Nxe4 Ne7 18. Rc1 Rad8 19. d5 Qf4 20. Nc3 Nf5
21. Re4 Qg5 22. Qe1 Nh4 23. Rxh4 Qxh4 24. Qe3 exd5 25. cxd5 cxd5 26. Nxd5 b6
27. Ne7+ Kh8 28. Nxg6+ hxg6 29. Rc4 Rd1+ 30. Bxd1 Qxc4 31. Bb3 Qc6 32. g3 Kg8
33. Qf4 Qd7 34. h4 Re8 35. Qf3 Re1+ 36. Kh2 Qe7 37. h5 gxh5 38. Qxh5 Qf6 39.
Kg2 Re5 40. Qd1 Qc6+ 41. Kg1 Qe4 42. Qd8+ Re8 43. Qd7 Qe7 44. Qc6 Qe1+ 45. Kg2
Qe4+ 46. Qxe4 Rxe4 47. Kf3 Rb4 48. Ke3 a5 49. Kd3 a4 50. Bc2 Rxb2 51. a3 Ra2
52. Kc3 Rxa3+ 0-1

[Event "2. Torneio Aberto do Brasil - Fortaleza"]
[Site "Fortaleza BRA"]
[Date "2012.04.07"]
[Round "5.58"]
[White "Mesquita, Jussier Cabral"]
[Black "Baptista, Andre Kemper"]
[Result "0-1"]
[WhiteElo "1844"]
[BlackElo "1768"]
[PlyCount "120"]
[EventDate "2012.04.05"]
[EventType "swiss"]
[EventRounds "7"]
[EventCountry "BRA"]
[Source "lmi"]
[SourceDate "2012.08.05"]

1. d4 Nf6 2. c4 g6 3. Nc3 d5 4. Nf3 Bg7 5. Bf4 c6 6. h3 O-O 7. e3 Bf5 8. Be2
Nbd7 9. Ne5 Nxe5 10. Bxe5 Ne4 11. Bxg7 Nxc3 12. bxc3 Kxg7 13. O-O Rc8 14. Qb3
b6 15. Rac1 h5 16. cxd5 cxd5 17. Ba6 Rc7 18. c4 dxc4 19. Bxc4 h4 20. f3 Bc8 21.
d5 Qd6 22. f4 Bf5 23. Bd3 Bxd3 24. Qxd3 Rfc8 25. Rxc7 Rxc7 26. e4 Qc5+ 27. Kh2
Qc3 28. Rd1 Qxd3 29. Rxd3 Rc4 30. Re3 Rd4 31. Kg1 Kf6 32. Kf2 a5 33. Kf3 b5 34.
Rc3 Ra4 35. a3 b4 36. axb4 axb4 37. Rc6+ Kg7 38. Rb6 Ra3+ 39. Kg4 Rb3 40. e5
f5+ 41. Kxh4 Kf7 42. Kg5 Rg3+ 43. Kh6 Rxg2 44. d6 Rh2 45. e6+ Kf6 46. Kh7 Rxh3+
47. Kg8 Kxe6 48. Rxb4 exd6 49. Kg7 Rg3 50. Rb2 Rg4 51. Re2+ Kd5 52. Kf6 Kd4 53.
Rd2+ Ke4 54. Rxd6 Kxf4 55. Rd4+ Kg3 56. Rd3+ Kh4 57. Rd1 f4 58. Rh1+ Kg3 59.
Ke5 f3 60. Rg1+ Kh3 0-1

[Event "2. Torneio Aberto do Brasil - Fortaleza"]
[Site "Fortaleza BRA"]
[Date "2012.04.07"]
[Round "5.59"]
[White "Macedo, Luiz Soares De"]
[Black "Batista, Francisco Klemberg "]
[Result "0-1"]
[WhiteElo "1757"]
[BlackElo "1771"]
[PlyCount "55"]
[EventDate "2012.04.05"]
[EventType "swiss"]
[EventRounds "7"]
[EventCountry "BRA"]
[Source "lmi"]
[SourceDate "2012.08.05"]

1. e4 d6 2. Nc3 Nf6 3. d3 g6 4. Nf3 Bg7 5. Be2 c5 6. O-O Nc6 7. Bg5 O-O 8. a3
a6 9. Rb1 e6 10. Re1 b5 11. Nd2 Bb7 12. Bf3 Qc7 13. Bf4 Nd7 14. Ne2 Nde5 15.
Ng3 Nd4 16. c3 Nxd3 17. cxd4 Nxf4 18. Ndf1 Bxd4 19. b4 Bg7 20. Qd2 Be5 21. Rbc1
c4 22. Nh1 Rac8 23. Be2 Bxe4 24. f3 Bd3 25. Bd1 c3 26. Qa2 c2 27. Nfg3 Bc3 28.
Be2 0-1

[Event "2. Torneio Aberto do Brasil - Fortaleza"]
[Site "Fortaleza BRA"]
[Date "2012.04.07"]
[Round "5.60"]
[White "Viana, Cristiano Braga"]
[Black "Rodrigues, Vanessa Ketlyn So"]
[Result "0-1"]
[WhiteElo "1733"]
[BlackElo "1740"]
[PlyCount "76"]
[EventDate "2012.04.05"]
[EventType "swiss"]
[EventRounds "7"]
[EventCountry "BRA"]
[Source "lmi"]
[SourceDate "2012.08.05"]

1. e4 d5 2. exd5 Qxd5 3. Nc3 Qa5 4. d4 c6 5. Nf3 Nf6 6. Bd2 Qc7 7. Bd3 Bg4 8.
h3 Bh5 9. Qe2 Bxf3 10. Qxf3 Nbd7 11. Bf4 Qb6 12. O-O-O g6 13. d5 Bg7 14. Bc4
cxd5 15. Bb3 e6 16. Rhe1 O-O 17. g4 Nc5 18. Be3 Nxb3+ 19. axb3 Qa5 20. Rd4 Qa1+
21. Nb1 Ne4 22. Red1 Rac8 23. Qe2 Rc6 24. f3 Nc5 25. Qb5 Rfc8 26. c4 Nxb3+ 27.
Qxb3 Bxd4 28. Bxd4 Rxc4+ 29. Bc3 d4 30. Rd3 dxc3 31. Rxc3 Qa6 32. Nd2 Rxc3+ 33.
bxc3 Qb6 34. Qxb6 axb6 35. Kb2 Kg7 36. Kb3 h5 37. Nc4 hxg4 38. hxg4 Rh8 0-1

[Event "2. Torneio Aberto do Brasil - Fortaleza"]
[Site "Fortaleza BRA"]
[Date "2012.04.07"]
[Round "5.61"]
[White "Assuncao, Jose Ribamar Da Cos"]
[Black "Aquino, Francisco Jose Alve"]
[Result "0-1"]
[WhiteElo "1675"]
[BlackElo "1735"]
[PlyCount "90"]
[EventDate "2012.04.05"]
[EventType "swiss"]
[EventRounds "7"]
[EventCountry "BRA"]
[Source "lmi"]
[SourceDate "2012.08.05"]

1. e4 e5 2. Nf3 Nc6 3. Bc4 Nf6 4. d3 Be7 5. Bg5 O-O 6. a3 d6 7. h3 Re8 8. Nc3
Bd7 9. Qd2 Rc8 10. h4 Bg4 11. Nh2 Be6 12. Nd5 Bxd5 13. exd5 Nb8 14. O-O-O Nbd7
15. Rde1 Nb6 16. Bb3 Nbxd5 17. Nf1 c6 18. Ng3 h6 19. Be3 Nxe3 20. fxe3 d5 21.
Nf5 e4 22. d4 c5 23. Kb1 c4 24. Ba4 Rf8 25. c3 Kh7 26. h5 a6 27. Qf2 b5 28. Qg3
Rg8 29. Bc2 Qd7 30. Qh3 a5 31. g4 Ne8 32. Reg1 Bg5 33. Rf1 Rc7 34. Nh4 Nf6 35.
Rhg1 Rb8 36. Rf5 b4 37. cxb4 axb4 38. axb4 Rxb4 39. Rf2 Rcb7 40. Bd1 c3 41. b3
Qb5 42. Ra2 Rxb3+ 43. Bxb3 Qxb3+ 44. Ka1 c2 45. Qf1 Qc3+ 0-1

[Event "2. Torneio Aberto do Brasil - Fortaleza"]
[Site "Fortaleza BRA"]
[Date "2012.04.07"]
[Round "5.63"]
[White "Laroca, Alvaro Ney"]
[Black "Araujo, Vitor Angelo Lima"]
[Result "0-1"]
[WhiteElo "1605"]
[BlackElo "1665"]
[PlyCount "84"]
[EventDate "2012.04.05"]
[EventType "swiss"]
[EventRounds "7"]
[EventCountry "BRA"]
[Source "lmi"]
[SourceDate "2012.08.05"]

1. e4 c5 2. Nf3 d6 3. c3 Nc6 4. d4 cxd4 5. cxd4 Bg4 6. Be3 Nf6 7. Nc3 e6 8. Bd3
Be7 9. a3 O-O 10. O-O a6 11. h3 Bh5 12. g4 Bg6 13. Kh1 d5 14. e5 Ne4 15. Ne2
Ng5 16. Nxg5 Bxg5 17. f4 Bxd3 18. Qxd3 Be7 19. g5 Na5 20. b3 Qb6 21. Rfb1 Rfc8
22. f5 exf5 23. Qxf5 Qe6 24. Qf3 Rc2 25. Ng1 Rac8 26. Rc1 Nxb3 27. Rxc2 Rxc2
28. Rb1 Rc3 29. Ne2 Nd2 30. Qf2 Qxh3+ 31. Qh2 Qxh2+ 32. Kxh2 Rxe3 33. Rxb7
Rxe2+ 34. Kg1 Bxa3 35. Rd7 Kf8 36. Rxd5 Nf3+ 37. Kf1 Rd2 38. Ra5 Bb4 39. Rxa6
Rxd4 40. Ke2 Nxe5 41. Ke3 Rg4 42. Rb6 Nc4+ 0-1

[Event "2. Torneio Aberto do Brasil - Fortaleza"]
[Site "Fortaleza BRA"]
[Date "2012.04.07"]
[Round "5.66"]
[White "Bezerra, Francisca Rejane De"]
[Black "Lima Filho, Jose Pacifico"]
[Result "0-1"]
[WhiteElo "1767"]
[BlackElo "1891"]
[PlyCount "62"]
[EventDate "2012.04.05"]
[EventType "swiss"]
[EventRounds "7"]
[EventCountry "BRA"]
[Source "lmi"]
[SourceDate "2012.08.05"]

1. d4 Nf6 2. g3 d5 3. Bg2 g6 4. c4 Bg7 5. Nf3 O-O 6. Nc3 dxc4 7. O-O Nbd7 8.
Bf4 c6 9. Rc1 Nb6 10. Qd2 Re8 11. Bh6 Bh8 12. Ne5 Nfd5 13. e4 Nb4 14. Qf4 Bxe5
15. Qxe5 f6 16. Qa5 Nd3 17. e5 Qxd4 18. exf6 exf6 19. Rcd1 Bg4 20. Rd2 Re5 21.
Qa3 g5 22. h4 gxh4 23. Be3 Rxe3 24. fxe3 Qxe3+ 25. Rff2 hxg3 26. Ne4 gxf2+ 27.
Rxf2 Nd5 28. Qd6 Nxf2 29. Nxf2 Qe1+ 30. Bf1 Bh5 31. Qg3+ Kf7 0-1

[Event "2. Torneio Aberto do Brasil - Fortaleza"]
[Site "Fortaleza BRA"]
[Date "2012.04.07"]
[Round "5.67"]
[White "Silva, Agamenon Viana Da"]
[Black "Vescovi Filho, Giovanni"]
[Result "1-0"]
[WhiteElo "1693"]
[BlackElo "1883"]
[PlyCount "113"]
[EventDate "2012.04.05"]
[EventType "swiss"]
[EventRounds "7"]
[EventCountry "BRA"]
[Source "lmi"]
[SourceDate "2012.08.05"]

1. e4 c5 2. Nf3 d6 3. Nc3 Nc6 4. Bc4 e6 5. O-O Be7 6. d4 cxd4 7. Nxd4 Nf6 8.
Re1 O-O 9. Bg5 Bd7 10. Qd2 Qb6 11. Nb3 Rac8 12. Be3 Qc7 13. Nb5 Qb8 14. Rad1
Ne8 15. Nc3 a6 16. f4 Nf6 17. Bb6 Nb4 18. Be2 Nc6 19. Qe3 h6 20. g4 e5 21. f5
Kh7 22. h4 g6 23. Bf3 Nb4 24. Rd2 Bb5 25. a3 Nc6 26. g5 Ng8 27. f6 Bd8 28. Bg4
Bxb6 29. Qxb6 Rcd8 30. Nd5 h5 31. Bh3 Qa7 32. Re3 Bc4 33. Qxa7 Nxa7 34. Rc3
Bxd5 35. Rxd5 Nc6 36. Rcd3 Rfe8 37. Rxd6 Rxd6 38. Rxd6 Rf8 39. Rd7 Nd8 40. Nd2
Kh8 41. Nc4 Re8 42. Kf2 Kh7 43. Ke3 Nxf6 44. gxf6 Kg8 45. Re7 Kf8 46. Rxe8+
Kxe8 47. Nxe5 Nc6 48. Bd7+ Kf8 49. Nxc6 bxc6 50. Bxc6 a5 51. Bd7 Kg8 52. c4 Kh7
53. c5 a4 54. c6 Kg8 55. c7 Kh7 56. c8=Q Kh6 57. Qh8# 1-0

[Event "2. Torneio Aberto do Brasil - Fortaleza"]
[Site "Fortaleza BRA"]
[Date "2012.04.08"]
[Round "6.1"]
[White "Cubas, Jose Fernando"]
[Black "Vescovi, Giovanni"]
[Result "1/2-1/2"]
[WhiteElo "2518"]
[BlackElo "2604"]
[PlyCount "110"]
[EventDate "2012.04.05"]
[EventType "swiss"]
[EventRounds "7"]
[EventCountry "BRA"]
[Source "lmi"]
[SourceDate "2012.08.05"]

1. e4 c5 2. Nf3 d6 3. d4 cxd4 4. Nxd4 Nf6 5. Nc3 a6 6. f3 e5 7. Nb3 Be6 8. Be3
Be7 9. Qd2 Nbd7 10. g4 b5 11. a4 bxa4 12. Rxa4 Qc8 13. g5 Nh5 14. Nd5 Bd8 15.
Kd1 O-O 16. Kc1 Bxd5 17. Qxd5 Nb6 18. Bxb6 Bxb6 19. Kb1 Rd8 20. Bc4 Rd7 21. Qd2
Nf4 22. Rd1 g6 23. Qb4 Bd8 24. h4 a5 25. Qa3 Qc6 26. Bd5 Nxd5 27. exd5 Qa6 28.
Rd3 h6 29. gxh6 Kh7 30. f4 exf4 31. Rxf4 Qb5 32. Nd2 Rc8 33. b3 f5 34. Qb2 Rf7
35. Nf3 Qb6 36. h5 Bf6 37. hxg6+ Kxg6 38. Nd4 Be5 39. Qc1 a4 40. h7 Kg7 41.
Rxf5 axb3 42. c3 Rxf5 43. Nxf5+ Kh8 44. Ne7 Qa7 45. Ng6+ Kg7 46. Rd2 Kxg6 47.
Rg2+ Kf5 48. Qg5+ Ke4 49. Qg4+ Kxd5 50. Qxc8 Qxh7+ 51. Kb2 Qd3 52. Qg8+ Kc5 53.
Qxb3 Qb5 54. Qxb5+ Kxb5 55. Kb3 Kc5 1/2-1/2

[Event "2. Torneio Aberto do Brasil - Fortaleza"]
[Site "Fortaleza BRA"]
[Date "2012.04.08"]
[Round "6.2"]
[White "Lima, Darcy"]
[Black "El Debs, Felipe De Cresce"]
[Result "1/2-1/2"]
[WhiteElo "2509"]
[BlackElo "2507"]
[PlyCount "118"]
[EventDate "2012.04.05"]
[EventType "swiss"]
[EventRounds "7"]
[EventCountry "BRA"]
[Source "lmi"]
[SourceDate "2012.08.05"]

1. e4 c6 2. d4 d5 3. exd5 cxd5 4. c4 Nf6 5. Nc3 e6 6. cxd5 Nxd5 7. Bd3 Bb4 8.
Nge2 Nc6 9. O-O Be7 10. a3 O-O 11. Bc2 Re8 12. Qd3 g6 13. Bb3 Bf8 14. Ne4 Bg7
15. Bg5 Qb6 16. Rad1 Bd7 17. Nc5 Nxd4 18. Nxd7 Nxe2+ 19. Kh1 Qc7 20. Bxd5 Qxd7
21. Bxb7 Qxb7 22. Qxe2 Qxb2 23. Qf3 Qb5 24. h4 Rac8 25. Rfe1 h6 26. Bf6 Qc6 27.
Qxc6 Rxc6 28. Bxg7 Kxg7 29. Rd7 a5 30. Re3 Rc5 31. Rf3 Rf8 32. g3 g5 33. Kg2 g4
34. Rf4 h5 35. Ra7 Kg6 36. Ra4 Rd8 37. R7xa5 Rc1 38. Rg5+ Kh6 39. Raa5 f5 40.
Re5 Rd6 41. Re2 Ra1 42. Re3 Rc6 43. Re2 Kh7 44. Rxh5+ Kg7 45. f3 gxf3+ 46. Kxf3
Rxa3+ 47. Re3 Ra4 48. Rb3 Rg4 49. Re3 Ra6 50. Rb3 Ra8 51. Rb7+ Kg6 52. Rbh7 Kf6
53. R5h6+ Ke5 54. Re7 Ra3+ 55. Kf2 Ra6 56. h5 Rb4 57. Kg2 Rb2+ 58. Kh3 Re2 59.
Rg6 Kd6 1/2-1/2

[Event "2. Torneio Aberto do Brasil - Fortaleza"]
[Site "Fortaleza BRA"]
[Date "2012.04.08"]
[Round "6.4"]
[White "Pereira, Silvio Cunha"]
[Black "Mekhitarian, Krikor Sevag"]
[Result "0-1"]
[WhiteElo "2298"]
[BlackElo "2512"]
[PlyCount "124"]
[EventDate "2012.04.05"]
[EventType "swiss"]
[EventRounds "7"]
[EventCountry "BRA"]
[Source "lmi"]
[SourceDate "2012.08.05"]

1. e4 c5 2. Nf3 e6 3. d4 cxd4 4. Nxd4 Nf6 5. Nc3 d6 6. Be2 Be7 7. O-O O-O 8.
Qd3 Nc6 9. Rd1 a6 10. Qg3 Qc7 11. Bg5 Bd7 12. Kh1 Rac8 13. f4 Rfe8 14. e5 dxe5
15. fxe5 Nxe5 16. Bf4 Bd6 17. Nb3 Nd5 18. Ne4 Nxf4 19. Nxd6 Neg6 20. Bf3 Rb8
21. Nxe8 Bxe8 22. h4 Ne7 23. Qf2 e5 24. Qc5 Nc6 25. Qd6 Qb6 26. Bxc6 Qxc6 27.
Qxc6 Bxc6 28. Rd2 b6 29. Kg1 Kf8 30. g3 Ne6 31. Re1 f6 32. Rd6 Nd8 33. Red1 Ke7
34. c4 Rc8 35. c5 Nb7 36. R6d2 bxc5 37. Rc1 Ba4 38. Rc3 c4 39. Nc1 Nd6 40. Re2
Nb5 41. Rce3 Nd4 42. Rd2 Ne6 43. Ne2 Bc6 44. Rc3 Bb5 45. Rc1 Nc5 46. Nc3 Ke6
47. Kf2 Nd3+ 48. Rxd3 cxd3 49. Ke3 Rd8 50. Rd1 f5 51. b3 e4 52. a4 Be8 53. b4
Rc8 54. Kd4 Rd8+ 55. Ke3 Ke5 56. b5 axb5 57. Nxb5 Bxb5 58. axb5 Rd5 59. Rb1 d2
60. Ke2 d1=Q+ 61. Rxd1 Rxd1 62. Kxd1 Kd6 0-1

[Event "2. Torneio Aberto do Brasil - Fortaleza"]
[Site "Fortaleza BRA"]
[Date "2012.04.08"]
[Round "6.5"]
[White "Dayer, Horacio Saldano"]
[Black "Brito, Luismar"]
[Result "1/2-1/2"]
[WhiteElo "2440"]
[BlackElo "2247"]
[PlyCount "37"]
[EventDate "2012.04.05"]
[EventType "swiss"]
[EventRounds "7"]
[EventCountry "BRA"]
[Source "lmi"]
[SourceDate "2012.08.05"]

1. Nf3 b5 2. e4 Bb7 3. Bxb5 Bxe4 4. Nc3 Bg6 5. Ne5 c6 6. Qf3 Nf6 7. Ba4 e6 8.
O-O Be7 9. d4 O-O 10. Nxg6 hxg6 11. Ne2 Qa5 12. Bb3 d5 13. c3 Nbd7 14. Bc2 Qb6
15. b4 a5 16. a3 axb4 17. cxb4 e5 18. Bb2 Bd6 19. dxe5 1/2-1/2

[Event "2. Torneio Aberto do Brasil - Fortaleza"]
[Site "Fortaleza BRA"]
[Date "2012.04.08"]
[Round "6.6"]
[White "Barbosa, Evandro Amorim"]
[Black "Dos Santos, Haroldo Cunha"]
[Result "1/2-1/2"]
[WhiteElo "2399"]
[BlackElo "2233"]
[PlyCount "62"]
[EventDate "2012.04.05"]
[EventType "swiss"]
[EventRounds "7"]
[EventCountry "BRA"]
[Source "lmi"]
[SourceDate "2012.08.05"]

1. e4 e5 2. Nf3 Nc6 3. Bb5 d6 4. d4 Bd7 5. Nc3 Nf6 6. Bxc6 Bxc6 7. Qd3 exd4 8.
Nxd4 Be7 9. Nf5 O-O 10. Bg5 Kh8 11. O-O-O Ng8 12. Be3 Bf6 13. f3 b5 14. Nd4
Bxd4 15. Bxd4 b4 16. Ne2 Qg5+ 17. Qe3 Qxe3+ 18. Bxe3 f5 19. Nd4 Bd7 20. Nxf5
Bxf5 21. exf5 Rxf5 22. Rhe1 a5 23. Bd4 h5 24. Re6 Kh7 25. Rd3 Rg5 26. Rd2 Rf8
27. Be3 Rgf5 28. Bf2 R8f7 29. Re8 Ne7 30. Ra8 Ng6 31. Ra7 Ne5 1/2-1/2